00461nam a22001697a 4500003001000000005001700010008004100027020001800068050002300086100002100109245004600130250001200176260005200188300002900240526001600269562000600285CAmbridge20140310181717.0130216t xxu||||| |||| 00| 0 eng d a9780521186780 aPL 2250b.Y25 2012 aYao, Dan et. al. aChinese literature cDan Yao ... [et al.] a3rd ed. aCambridge :bCambridge University Press,c2012. a251 p. :c24 cm.b ill ; c1210L-1700L e1